|
|
|
|
| LEADER |
02890nam a2200745 i 4500 |
| 001 |
nkc20183010962 |
| 003 |
CZ PrNK |
| 005 |
20210104130438.0 |
| 007 |
ta |
| 008 |
180730s2018 xr e f 001 0 cze |
| 015 |
|
|
|a cnb003010962
|
| 020 |
|
|
|a 978-80-7553-583-2
|q (brožováno)
|
| 035 |
|
|
|a (OCoLC)1081394599
|
| 040 |
|
|
|a ABA001
|b cze
|d BOA001
|e rda
|
| 041 |
1 |
|
|a cze
|h eng
|
| 072 |
|
7 |
|a 616.89
|x Psychiatrie
|2 Konspekt
|9 14
|
| 080 |
|
|
|a 616.831-003.8+616.892/.894
|2 MRF
|
| 080 |
|
|
|a 616.892/.894
|2 MRF
|
| 080 |
|
|
|a 616-036.22
|2 MRF
|
| 080 |
|
|
|a 616.892/.894-052
|2 MRF
|
| 080 |
|
|
|a 159.9
|2 MRF
|
| 080 |
|
|
|a 616-06
|2 MRF
|
| 080 |
|
|
|a 614.8.026.1
|2 MRF
|
| 080 |
|
|
|a 649
|2 MRF
|
| 080 |
|
|
|a (035)
|2 MRF
|
| 100 |
1 |
|
|a Mace, Nancy L.,
|d 1941-
|7 xx0228451
|4 aut
|
| 240 |
1 |
0 |
|a 36-hour day.
|l Česky
|
| 245 |
1 |
0 |
|a Alzheimer :
|b rodinný průvodce péčí o nemocné s Alzheimerovou chorobou a jinými demencemi/
|c Nancy L. Mace, Peter V. Rabins ; přeložil Daniel Micka
|
| 250 |
|
|
|a Vydání 1.
|
| 264 |
|
1 |
|a V Praze :
|b Stanislav Juhaňák - Triton,
|c 2018
|
| 300 |
|
|
|a 427 stran ;
|c 20 cm
|
| 336 |
|
|
|a text
|b txt
|2 rdacontent
|
| 337 |
|
|
|a bez média
|b n
|2 rdamedia
|
| 338 |
|
|
|a svazek
|b nc
|2 rdacarrier
|
| 500 |
|
|
|a "6. přepracované a aktualizované vydání"--Rub titulní stránky
|
| 500 |
|
|
|a Přeloženo z angličtiny
|
| 504 |
|
|
|a Obsahuje bibliografii, bibliografické odkazy a rejstřík
|
| 650 |
0 |
7 |
|a Alzheimerova choroba
|7 ph117324
|2 czenas
|
| 650 |
0 |
7 |
|a demence
|7 ph119366
|2 czenas
|
| 650 |
0 |
7 |
|a epidemiologie
|7 ph114481
|2 czenas
|
| 650 |
0 |
7 |
|a pacienti s demencí
|7 ph139028
|2 czenas
|
| 650 |
0 |
7 |
|a pacienti s demencí
|7 ph139028
|x psychologické aspekty
|2 czenas
|
| 650 |
0 |
7 |
|a komplikace (lékařství)
|7 ph134851
|2 czenas
|
| 650 |
0 |
7 |
|a nebezpečí úrazů
|7 ph134921
|2 czenas
|
| 650 |
0 |
7 |
|a domácí péče
|7 ph201876
|2 czenas
|
| 650 |
0 |
9 |
|a Alzheimer's disease
|2 eczenas
|
| 650 |
0 |
9 |
|a dementia
|2 eczenas
|
| 650 |
0 |
9 |
|a epidemiology
|2 eczenas
|
| 650 |
0 |
9 |
|a patients with dementia
|2 eczenas
|
| 650 |
0 |
9 |
|a patients with dementia
|x psychological aspects
|2 eczenas
|
| 650 |
0 |
9 |
|a complications of diseases
|2 eczenas
|
| 650 |
0 |
9 |
|a accidents hazards
|2 eczenas
|
| 650 |
0 |
9 |
|a home care
|2 eczenas
|
| 655 |
|
7 |
|a příručky
|7 fd133209
|2 czenas
|
| 655 |
|
9 |
|a handbooks and manuals
|2 eczenas
|
| 700 |
1 |
|
|a Rabins, Peter V.,
|d 1947-
|7 xx0105516
|4 aut
|
| 700 |
1 |
|
|a Micka, Daniel,
|d 1963-
|7 jn19990010098
|4 trl
|
| 910 |
2 |
|
|a BOA001
|b 1-1419.012
|
| 928 |
9 |
|
|a Triton
|
| 990 |
|
|
|a BK
|
| 995 |
|
|
|a 01
|
| 991 |
|
|
|b 201812
|c NOV
|
| 996 |
6 |
|
|b 2610763178
|c 1-1419.012
|l MZK
|r Sklad / do 1 hodiny
|n 4
|p p.v.
|w 001696716
|u 000010
|a 1
|e BOA001
|j MZK50
|s P
|
| 996 |
7 |
|
|b 2610764700
|c 1-1419.012
|l Vol.výběr
|r VV 1p
|n 14
|p kup
|h 616.89 MAC
|w 001696716
|u 000020
|a 0
|e BOA001
|j MZK50
|s A
|
| 996 |
7 |
|
|b 2610850301
|c 1-1419.012
|l Vol.výběr
|r VV 1p
|n 10
|p kup
|h 616.89 MAC
|w 001696716
|u 000030
|a 0
|e BOA001
|j MZK50
|s A
|